Statistiques concernant Culture Générale - Série 1838

Cliquez ici pour prendre le quiz!

Statistiques générales

  • Ce quiz a été pris 92 fois
  • Le résultat moyen est 5 sur 10

Statistiques - réponses

QuestionRéponse% Correct
De quel fruit la "granny-smith" est-elle une variété ?pomme
97%
Dans quel pays se trouve la station de ski de Davos ?Suisse
89%
Comment s'appelait le fils aîné de Pépin le Bef ?Charlemagne
76%
Qui est le maître d'école dans le film de Claude Zidi du même nom de 1981 ?Coluche
67%
Dans quel pays européen se trouve la ville de Bergen ?Norvège
61%
Quel genre d'outil est un "mail" ?marteau
49%
Dans quel pays d'Afrique se trouve la ville de Bougie ?Algérie
39%
Quelle était la monnaie de l' Equateur avant 2000 ?sucre
20%
De quelle ville française le mont Saint-Clair constitue-t-il le point culminant ?Sète
18%
Dans la Rome antique, comment appelait-on le jeton servant entre autres de billet d'entrée pour les spectacles ?tessère
9%

Distribution des résultats

Percentile par nombre de réponses

% des personnes avec chaque résultat

Votre développement - résultats

Vous n’avez pas pris ce quiz